Datum a čas kvízu
28.5
Celkem bodů
Celkový počet nahraných bodů na tomto kvízu bez doplňovacích otázek.
10.
Pořadí na kvízu
Konečné umístění týmu na tomto kvízu.
Zaznamenané odpovědi
| # | Otázka | Odpověď | Body | Výsledky |
|---|---|---|---|---|
| 1. | Ve středu padla společnost Boh... | Pavel Liška, Marek Daniel | 0.5 | |
| 2. | Ve stínu událostí českých parl... | Ministr zahraničí. | 0 | |
| 3. | Svůj poslední koncert po šedes... | Spirituál kvintet | 1 | |
| 4. | Po 75 letech existence minulý... | Alitalia | 0 | |
| 5. | Jak se jmenuje desetiletý ryzá... | Talent | 1 | |
| 6. | Pokřín obecný je rostlina, kte... | mandragora | 0 | |
| 7. | Asa smrdutá je asijská rostlin... | čertovo lejno | 0 | |
| 8. | Vigna zlatá je rostlina z čele... | mungo | 0 | |
| 9. | Ledvinovník západní je tropick... | oříšky kešu | 1 | |
| 10. | Kterým slovem na S obecně ozna... | sukulenty | 1 |